[Event "GER-chT2 (Women) 0405"]
[Site "Germany"]
[Date "2004.12.04"]
[Round "3"]
[White "Weber, Brigitte"]
[Black "Klassen, Olga"]
[Result "1/2-1/2"]
[WhiteElo "1528"]
[BlackElo "1641"]
[PlyCount "73"]
[EventDate "2004.11.06"]
[EventType "team"]
[EventRounds "9"]
[EventCountry "GER"]
[SourceTitle "EXT 2006"]
[Source "ChessBase"]
[SourceDate "2005.11.24"]
[SourceVersion "1"]
[SourceVersionDate "2005.11.24"]
[SourceQuality "1"]

1. c4 c5 2. Nc3 Nc6 3. e4 g6 4. Nf3 Bg7 5. d3 e5 6. Be2 Nge7 7. Be3 d6 8. 0-0 0-0 9. h3 f5 10. exf5 Nxf5 11. Qd2 Nxe3 12. Qxe3 Nd4 13. Qd2 Bxh3 14. Nxd4 exd4 15. Ne4 Bf5 16. Bf3 Qd7 17. Ng3 Bg4 18. Bd5+ Be6 19. Bxe6+ Qxe6 20. Rfe1 Qf7 21. Re2 Be5 22. Ne4 Qf5 23. Qg5 b6 24. Qxf5 Rxf5 25. Rae1 Raf8 26. b3 h5 27. Nd2 g5 28. Nf3 Re8 29. Nd2 Rf7 30. g3 g4 31. Kg2 Ref8 32. Rf1 Rf3 33. Rh1 R8f5 34. Rxh5 Rxf2+ 35. Rxf2 Rxh5 36. Ne4 Kg7 37. Rf1 1/2-1/2

[Event "GER-chT Lands U20"]
[Site "Bad Sulza"]
[Date "2004.11.18"]
[Round "6.6"]
[White "Zikeli, Saskia"]
[Black "Klassen, Olga"]
[Result "1-0"]
[WhiteElo "1885"]
[BlackElo "1641"]
[PlyCount "89"]
[EventDate "2004.11.15"]
[EventType "team-swiss"]
[EventRounds "7"]
[EventCountry "GER"]
[SourceTitle "EXT 2006"]
[Source "ChessBase"]
[SourceDate "2005.11.24"]
[SourceVersion "1"]
[SourceVersionDate "2005.11.24"]
[SourceQuality "1"]

1. e4 c5 2. Nf3 e6 3. d4 cxd4 4. Nxd4 a6 5. Bd3 Bc5 6. Nb3 Be7 7. Nc3 Qc7 8. Qe2 d6 9. 0-0 Nf6 10. f4 Nbd7 11. Bd2 b5 12. a3 Bb7 13. Rae1 e5 14. fxe5 dxe5 15. Qf3 Nb6 16. Bg5 0-0 17. Qh3 Bc8 18. Qh4 Qd8 19. Nd5 Nbd7 20. Re3 Re8 21. Rh3 Nf8 22. Bxf6 Bxf6 23. Nxf6+ gxf6 24. g4 Qd7 25. Rxf6 Re6 26. Rf5 Rg6 27. Kh1 Qd6 28. Rg5 Qf6 29. Rxg6+ Qxg6 30. Rg3 Bb7 31. Nc5 Bc6 32. Rf3 Nd7 33. Rf5 Kf8 34. Rg5 Qf6 35. Nxd7+ Bxd7 36. Rg8+ Kxg8 37. Qxf6 Be6 38. Qxe5 Rc8 39. Qg5+ Kh8 40. e5 Rg8 41. Qf6+ Rg7 42. Bf5 Bxf5 43. gxf5 a5 44. e6 fxe6 45. fxe6 1-0

[Event "GER-chT Lands U20"]
[Site "Bad Sulza"]
[Date "2004.11.16"]
[Round "2.6"]
[White "Klassen, Olga"]
[Black "Giss, Helene"]
[Result "0-1"]
[WhiteElo "1641"]
[BlackElo "2069"]
[PlyCount "48"]
[EventDate "2004.11.15"]
[EventType "team-swiss"]
[EventRounds "7"]
[EventCountry "GER"]
[SourceTitle "EXT 2006"]
[Source "ChessBase"]
[SourceDate "2005.11.24"]
[SourceVersion "1"]
[SourceVersionDate "2005.11.24"]
[SourceQuality "1"]

1. c4 e6 2. Nc3 d5 3. cxd5 exd5 4. d4 c6 5. g3 Bd6 6. Bg2 Bf5 7. e3 Nf6 8. Nge2 Nbd7 9. 0-0 0-0 10. a3 Re8 11. b4 a6 12. Na4 Nb6 13. Nxb6 Qxb6 14. Nc3 Qc7 15. Na4 Qe7 16. Nc5 h5 17. h3 b6 18. Nd3 Qd7 19. h4 Bh3 20. Qf3 Bg4 21. Bh3 Bxh3 22. Re1 Bg4 23. Qh1 Qf5 24. Bd2 Qxd3 0-1

[Event "GER-ch Lands U20"]
[Site "Kassel"]
[Date "2003.10.22"]
[Round "5.7"]
[White "Klassen, Olga"]
[Black "Stellfeld, Tilman"]
[Result "1-0"]
[WhiteElo "1563"]
[BlackElo "1210"]
[PlyCount "31"]
[EventDate "2003.10.19"]
[EventType "team"]
[EventRounds "7"]
[EventCountry "GER"]
[SourceTitle "EXT 2004"]
[Source "ChessBase"]
[SourceDate "2003.11.25"]
[SourceVersion "1"]
[SourceVersionDate "2003.11.25"]
[SourceQuality "1"]

1. c4 c5 2. Nc3 Nc6 3. g3 g6 4. Bg2 Bg7 5. e4 e5 6. Nge2 d6 7. 0-0 Nge7 8. d3 0-0 9. a3 Be6 10. Rb1 Qd7 11. f4 exf4 12. Nxf4 f5 13. Nxe6 Qxe6 14. Bf4 Rab8 15. exf5 Nxf5 16. Bd5 1-0

[Event "GER-ch Lands U20"]
[Site "Kassel"]
[Date "2003.10.21"]
[Round "4.7"]
[White "Bradler, Stephan"]
[Black "Klassen, Olga"]
[Result "1-0"]
[WhiteElo "1559"]
[BlackElo "1563"]
[PlyCount "93"]
[EventDate "2003.10.19"]
[EventType "team"]
[EventRounds "7"]
[EventCountry "GER"]
[SourceTitle "EXT 2004"]
[Source "ChessBase"]
[SourceDate "2003.11.25"]
[SourceVersion "1"]
[SourceVersionDate "2003.11.25"]
[SourceQuality "1"]

1. e4 c5 2. Nf3 e6 3. d4 cxd4 4. Nxd4 a6 5. Bd3 Bc5 6. Nb3 Ba7 7. 0-0 d6 8. Qe2 Nd7 9. c4 Ngf6 10. Nc3 0-0 11. Be3 Bxe3 12. Qxe3 Qc7 13. f4 b6 14. f5 Ne5 15. Qe2 Nxd3 16. Qxd3 Bb7 17. Nd4 Qc5 18. Kh1 Qe5 19. Rae1 Nd7 20. b4 exf5 21. Rxf5 Qe7 22. Qg3 Rae8 23. Rg5 f6 24. Nf5 fxg5 25. Nxe7+ Rxe7 26. Qxd6 Rfe8 27. c5 bxc5 28. bxc5 Ne5 29. Qd2 h6 30. h3 Kh8 31. Nd5 Rd7 32. Qc3 Bc6 33. Nb4 Bb5 34. Qc2 Red8 35. a4 Rd2 36. Qc3 Bxa4 37. Qxe5 Bb5 38. c6 Rf8 39. c7 Bf1 40. Rxf1 Rxf1+ 41. Kh2 Rff2 42. c8Q+ Kh7 43. Qg3 Rf1 44. Qxa6 Rb1 45. Qf3 Rd8 46. Qf5+ Kh8 47. Qag6 1-0

[Event "GER-ch Lands U20"]
[Site "Kassel"]
[Date "2003.10.20"]
[Round "2.7"]
[White "Butschek, Tanja"]
[Black "Klassen, Olga"]
[Result "1-0"]
[WhiteElo "1727"]
[BlackElo "1563"]
[PlyCount "73"]
[EventDate "2003.10.19"]
[EventType "team"]
[EventRounds "7"]
[EventCountry "GER"]
[SourceTitle "EXT 2004"]
[Source "ChessBase"]
[SourceDate "2003.11.25"]
[SourceVersion "1"]
[SourceVersionDate "2003.11.25"]
[SourceQuality "1"]

1. e4 c5 2. Nf3 e6 3. d4 cxd4 4. Nxd4 a6 5. Bd3 Bc5 6. Nb3 Ba7 7. N1d2 Qc7 8. Nf3 d6 9. 0-0 Nf6 10. Qe2 Nbd7 11. h3 b5 12. Be3 Bxe3 13. Qxe3 Bb7 14. Rfe1 0-0 15. Rad1 Rac8 16. Rd2 Ba8 17. Nfd4 Ne5 18. f4 Nc4 19. Bxc4 bxc4 20. Nc1 Nxe4 21. Rdd1 Rfd8 22. Nce2 Qb7 23. Ng3 Nf6 24. Re2 Qxb2 25. c3 Qa3 26. f5 Nd5 27. Qg5 f6 28. Qg4 exf5 29. Ngxf5 Rd7 30. Nh6+ Kh8 31. Qxd7 gxh6 32. Qxc8+ Kg7 33. Qg4+ Kf7 34. Qe6+ Kg7 35. Nf5+ Kg6 36. Qg8+ Kxf5 37. Qg4# 1-0